01279cam a22003013a 450000100040000000500170000402000180002102000170003904000570005605000160011308200080012910000190013724500740015625000420023026000350027230000430030749000200035050000260037050500080039652004090040452100200081352100200083365000230085365000230087665000230089965000230092270000320094588620231124151232.0 a9780439446174 a078073004508 aLALcLALdOCLCQdLEOdXY4dOCLdTCAdBAKERdDLCbeng00aPZ7.B140398 a8131 aBaglio, Ben M.10aBeyond the sunrise /cBen M. Baglio ; illustrations by Judith Lawton. aFirst Scholastic printing, April 2003 aNew York ;bScholastic,c2003. a151 pages. :billustrations. ;c20 cm. aDolphin Diaries a"An Apple Paperback." aR  aThe McGraths have arrived in Sundarbans Delta, at the mouth of the great Ganges River. There, Jody hopes to see the rare and unusual Irrawaddy dolphins. Her wish comes true when at last she spots one, whom she names Sandhi. but her world is turned upside down when she learns there are poachers around, and Sandhi is missing. Does Sandhi have a secret hiding place, or has she been caught. -- back cover. a740 bLexile  aR bRaz-Plus  0aDolphinsvFiction. 0aPoachersvFiction. 1aDolphinsvFiction. 1aPoachersvFiction.1 aLawton, Juditheillustrator